|
|
|
|
| LEADER |
00000naa2a2200000 4500 |
| 001 |
625953 |
| 005 |
20231101133404.0 |
| 035 |
|
|
|a (RuTPU)RU\TPU\conf\25230
|
| 035 |
|
|
|a RU\TPU\conf\25229
|
| 090 |
|
|
|a 625953
|
| 100 |
|
|
|a 20180112d2017 k y0rusy50 ba
|
| 101 |
0 |
|
|a eng
|
| 102 |
|
|
|a RU
|
| 105 |
|
|
|a y z 101zy
|
| 135 |
|
|
|a drcn ---uucaa
|
| 181 |
|
0 |
|a i
|
| 182 |
|
0 |
|a b
|
| 200 |
1 |
|
|a Mesoscopic simulation of solidification process with melt convection
|f D. A. Medvedev, F. Varnik, I. Steinbach
|
| 203 |
|
|
|a Текст
|c электронный
|
| 230 |
|
|
|a 1 компьютерный файл (pdf; 275 Kb)
|
| 300 |
|
|
|a Заглавие с титульного экрана
|
| 320 |
|
|
|a [Библиогр.: с. 46 (5 назв.)]
|
| 463 |
|
1 |
|0 (RuTPU)RU\TPU\conf\25207
|t Междисциплинарные проблемы аддитивных технологий
|o сборник тезисов III Всероссийского научного семинара с международным участием, 4-6 декабря 2017, Томск
|f Национальный исследовательский Томский политехнический университет (ТПУ) ; под ред. А. Г. Князевой
|v [С. 45-46]
|d 2017
|
| 610 |
1 |
|
|a электронные ресурсы
|
| 610 |
1 |
|
|a затвердевание
|
| 610 |
1 |
|
|a расплавы
|
| 610 |
1 |
|
|a конвекция
|
| 610 |
1 |
|
|a металлические заготовки
|
| 610 |
1 |
|
|a дендритообразования
|
| 700 |
|
1 |
|a Medvedev
|b D. A.
|
| 701 |
|
1 |
|a Varnik
|b F.
|
| 701 |
|
1 |
|a Steinbach
|b I.
|
| 801 |
|
2 |
|a RU
|b 63413507
|c 20180115
|g RCR
|
| 856 |
4 |
|
|u http://earchive.tpu.ru/handle/11683/45839
|
| 942 |
|
|
|c BK
|